LEADER 01044nam a2200241 i 4500 001 991000871689707536 008 050303s2003 enk b 001 0 eng d 010 $a2003046663 035 $ab13285786-39ule_inst 040 $aDip.to Filologia Class. e Scienze Filosofiche$bita 100 1 $aHonigman, Sylvie$0621960 245 14$aThe Septuagint and Homeric scholarship in Alexandria :$ba study in the narrative of the Letter of Aristeas /$cSylvie Honigman 260 $aLondon ;$aNew York :$bRoutledge,$c2003 300 $aXII, 210 p. :$bill. ;$c25 cm 504 $aBibliografia: p. 191-197. Indici 630 04$aLettere di Aristea 630 04$aBibbia.$pVecchio Testamento$lGreco$xTraduzione dei Settanta 907 $a.b13285786$b15-11-11$c03-03-05 912 $a991000871689707536 945 $aLE007 C Bibl. 3021$g1$i2007000088418$lle007$op$pE0.00$q-$rl$s- $t0$u0$v0$w0$x0$y.i14020968$z03-03-05 996 $aSeptuagint and Homeric scholarship in Alexandria$91107334 997 $aUNISALENTO 998 $ale007$b03-03-05$cm$da $e-$feng$genk$h4$i0 LEADER 01249nam a2200289 i 4500 001 991000228509707536 008 040119s1998 paua b 000 0 eng d 020 $a0898714125 035 $ab12587345-39ule_inst 040 $aDip.to Matematica$beng 082 0 $a515.3520285$221 084 $aAMS 65L 084 $aLC QA372.A78 100 1 $aAscher, Uri M.$021815 245 10$aComputer methods for ordinary differential equations and differential-algebraic equations /$cUri M. Ascher, Linda R. Petzold 260 $aPhiladelphia :$bSociety for Industrial and Applied Mathematics,$cc1998 300 $axvii, 314 p. :$bill. ;$c25 cm 504 $aIncludes bibliographical references (p. 299-305) and index 650 0$aDifferential equations$xData processing 650 0$aDifferential-algebraic equations$xData processing 700 1 $aPetzold, Linda Ruth 907 $a.b12587345$b21-09-06$c19-01-04 912 $a991000228509707536 945 $aLE013 65L ASC12 (1998)$g1$i2013000144245$lle013$op$pE58.40$q-$rl$s- $t0$u3$v47$w3$x0$y.i13114323$z23-02-04 996 $aComputer methods for ordinary differential equations and differential-algebraic equations$9253287 997 $aUNISALENTO 998 $ale013$b19-01-04$cm$da $e-$feng$gpau$h0$i1